000
00335nam a2200145Ia 4500
008
150201s2009 xx 000 0 und d
082
_a
612
_b
P2009K
100
_a
KAPANDJI
245
_a
THE PHYSIOLOGY OF THE JOINTS
250
_a
6TH
260
_b
ELSEVIER
_a
DELHI
_c
2009
300
_a
1-360
650
_a
PHYSIOLOGY
942
_2
ddc
_c
BK
999
_c
4334
_d
4334